| 000 | 00421nam a2200145Ia 4500 | ||
|---|---|---|---|
| 008 | 211109s9999||||xx |||||||||||||| ||und|| | ||
| 082 |
_a571 _bDIR-F |
||
| 100 | _aDirector Of Zoological Survey, | ||
| 245 | 0 | _aFauna Of The Chilka Lakes No 6 | |
| 260 |
_bDirector Zoological Survey _aIndia _c1900 |
||
| 300 | _a1005p | ||
| 630 | _xGeneral Stack | ||
| 650 |
_aScience _vPhysiology & related subjects _xBiology |
||
| 942 | _cBOOK | ||
| 999 |
_c2196 _d2196 |
||